NFL Most Fantasy Points Ever - Statistics

General Stats
  • This quiz has been taken 70 times
  • The average score is 19 of 25
Answer Stats
Points Pos. Teams Player % Correct
5,423.9 QB LAC NOS Drew Brees
100%
6,169.4 QB NEP TBB Tom Brady
100%
3,497.6 QB NYG Eli Manning
98%
4,947.1 QB IND DEN Peyton Manning
98%
4,995 QB GBPNYJ PIT Aaron Rodgers
96%
4,230.6 QB PIT Ben Roethlisberger
95%
3,938.4 QB DET LAR Matthew Stafford
93%
4,803.2 QB ATL GBP NYJMIN Brett Favre
89%
3,870.2 QB SEADEN PIT NYG Russell Wilson
89%
3,944.5 QB MIA Dan Marino
88%
4,021.8 QB LAC IND Philip Rivers
86%
2,950.2 QB CARNEP Cam Newton
84%
4,017.1 QB ATL IND Matt Ryan
84%
3,212.7 RB DAL ARI Emmitt Smith
81%
3,613.8 WR SFF LVRSEA Jerry Rice
81%
3,585.8 QB DEN John Elway
81%
2,915.6 RB CHI Walter Payton
72%
2,932.2 K NEPIND Adam Vinatieri
70%
2,862.6 QB SFFKAN Joe Montana
67%
2,904 QB WAS MIN ATL Kirk Cousins
67%
2,882.3 QB CIN LVR ARI Carson Palmer
60%
3,209.6 QB TENMIN SEA
KAN
Warren Moon
49%
3,540.3 QB MIN NYG Fran Tarkenton
39%
2,927 QB TBB CLEBAL NYJ DAL NEP CAR Vinny Testaverde
28%
2,908.3 QB/K CHIIND TEN LVR George Blanda
16%
No matching quizzes found
Score Distribution
Percent of People with Each Score
Percentile by Number Answered
Your Score History
You have not taken this quiz